000 01332ncm a2200337 c 4500
999 _c311036
_d311036
003 BLK
005 20200513133657.0
008 180414b bul |a|er|||| |0| c|bulo|
010 _aNOT00002447000
040 _aBLK
041 _aBUL
_cBUL
_hDEU
080 _aОпера - други видове. Мюзикъл. Детска оперета. Муз. приказка
_b782.9
_z782.9
100 1 _aЛеви, Жул Ефраимов
_eпърви автор
_9388938
139 _aЛеви, Жул
_bЛ 35
245 1 0 _aМомичето, което обичах
_bМюзикъл : Лирична музикална новела в четири картини
_cЖул Ефраимов Леви; либрето Николай Парушев.
254 _aКлавир
257 _aBGR
260 _bНаука и изкуство
_c1969
_aСофия
300 _a151 с.
_c31 см
380 _a7
500 _aТекст на бълг. и немски ез.
650 4 _aОперета
_9165036
653 _aмюзикъли
653 _aклавири
700 1 _aПарушев, Николай
_eлибрето
_gНиколов, Николай Парушев
_9379586
852 _aЦб М ІІ 4869
_p0
856 4 _qpdf
_u
856 4 _qpdf
_u
942 _cNOT
_n0
_s1
944 _aCR
_c06.12.2007
_kИрена_Линкова
944 _aED
_c06.12.2007
999 _d311036